| 000 | 00624nam a2200181 i 4500 | ||
|---|---|---|---|
| 001 | 28603 | ||
| 003 | ES-MaACL | ||
| 005 | 20230906153908.0 | ||
| 007 | t| | ||
| 008 | 030117s1903 sp ||||1| spa d | ||
| 100 | 1 |
_aAzpeitia Esteban, Mateo. _924345 |
|
| 245 | 1 | 4 |
_aLos menores aragoneses y sus instituciones de edad ante los Fueros, Observancias y el Código civil : memoria de doctorado en derecho / _cpor Mateo Azpeitia Esteban. |
| 260 |
_aZaragoza : _bTip. de M. Sevilla, _c1903. |
||
| 300 |
_a120 p. ; _c20 cm. |
||
| 502 | _aTesis doctoral. | ||
| 650 | 4 |
_aMenores- _zAragón. _9171522 |
|
| 852 |
_aES-MaACL _jT-1034-F-4 |
||
| 999 |
_c28603 _d28603 |
||